| 000 | 00606nam a22001937a 4500 | ||
|---|---|---|---|
| 005 | 20130905110633.0 | ||
| 010 | _aENG-107576 | ||
| 020 |
_a9780415811996 _c795.00 |
||
| 035 | _aEN-91109 | ||
| 037 | _bDBAD/PUB | ||
| 245 |
_aRouteing democracy in the Himalayas : _cedited by Vibha Arora [and] N.Jayaram _bexperiment and experience / |
||
| 260 |
_aNew Delhi _bRoutledge _c2013 |
||
| 270 |
_a912, Tolstoy House, 15-17 Tolstoy Marg, Connaught Place _bNew Delhi _e110001 |
||
| 300 |
_axv,303p. _c23cm(Hb) |
||
| 500 | _aincludes index | ||
| 700 | _dArora, Vibha | ||
| 700 | _dJayaram, N | ||
| 942 |
_2ddc _cEN _mROU |
||
| 999 |
_c76528 _d76528 |
||